ČSSR zdravotnictví 1983

Saved in:
Bibliographic Details
Format: Book
Language:Czech
Published: Praha Ústav zdravotnických informací a statistiky 1983
Tags: Add Tag
No Tags, Be the first to tag this record!

MARC

LEADER 00000nam a2200000 4500
001 c116436
005 20251111092905.5
041 0 |a cze 
044 |a CZ 
245 1 0 |a ČSSR zdravotnictví 1983 
264 1 |a Praha  |b Ústav zdravotnických informací a statistiky  |c 1983 
300 |a 515 s.